Hints to travellers : (Record no. 552639)
[ view plain ]
| 000 -LEADER | |
|---|---|
| fixed length control field | 01082cam a2200229 a 4500 |
| 082 ## - DEWEY DECIMAL CLASSIFICATION NUMBER | |
| Classification number | 526.3 |
| Author Mark | COL |
| 110 2# - MAIN ENTRY--CORPORATE NAME | |
| Corporate name or jurisdiction name as entry element | Royal Geographical Society (Great Britain) |
| 9 (RLIN) | 49893 |
| 245 10 - TITLE STATEMENT | |
| Title | Hints to travellers : |
| Remainder of title | scientific and general / |
| Statement of responsibility, etc. | by E. A. Reeves. |
| 250 ## - EDITION STATEMENT | |
| Edition statement | 10th ed., revised and corrected from the ninth edition edited for the Council of the Royal Geographical Society. |
| 260 ## - PUBLICATION, DISTRIBUTION, ETC. | |
| Place of publication, distribution, etc. | London : |
| Name of publisher, distributor, etc. | The Royal Geographical Society, |
| Date of publication, distribution, etc. | 1921. |
| 300 ## - PHYSICAL DESCRIPTION | |
| Extent | 2 v. : |
| Other physical details | ill., maps (part fold.) tables, diagrs. (part fold) ; |
| Dimensions | 18 cm. |
| 500 ## - GENERAL NOTE | |
| General note | Includes index. |
| 500 ## - GENERAL NOTE | |
| General note | Two folded maps and 2 folded diagrams in pocket found in Vol. 1. |
| 505 0# - FORMATTED CONTENTS NOTE | |
| Formatted contents note | I. Surveying and practical astronomy.--II. Meteorology, photography, geology, natural history, anthropology, industry and commerce, archaeology, medical, etc. |
| 526 ## - STUDY PROGRAM INFORMATION NOTE | |
| Program name | 0 |
| Interest level | 0 |
| Reading level | 0 |
| Title point value | 526_300000000000000_COL |
| 650 #0 - SUBJECT ADDED ENTRY--TOPICAL TERM | |
| Topical term or geographic name entry element | MCE |
| 9 (RLIN) | 379 |
| 650 #0 - SUBJECT ADDED ENTRY--TOPICAL TERM | |
| Topical term or geographic name entry element | Scientific expeditions |
| 9 (RLIN) | 3810 |
| 650 #0 - SUBJECT ADDED ENTRY--TOPICAL TERM | |
| Topical term or geographic name entry element | Spherical astronomy. |
| 9 (RLIN) | 39574 |
| 650 #0 - SUBJECT ADDED ENTRY--TOPICAL TERM | |
| Topical term or geographic name entry element | Topographical surveying. |
| 9 (RLIN) | 39548 |
| 700 1# - ADDED ENTRY--PERSONAL NAME | |
| Personal name | Reeves, Edward Ayearst, |
| 9 (RLIN) | 49894 |
| 942 ## - ADDED ENTRY ELEMENTS (KOHA) | |
| Source of classification or shelving scheme | |
| Koha item type | Book |
| Withdrawn status | Lost status | Source of classification or shelving scheme | Damaged status | Not for loan | Permanent Location | Current Location | Shelving location | Date acquired | Total Checkouts | Full call number | Barcode | Date last seen | Price effective from | Koha item type |
|---|---|---|---|---|---|---|---|---|---|---|---|---|---|---|
| Military College of Engineering (MCE) | Military College of Engineering (MCE) | 01/20/2015 | 526.3 COL | MCE-ECH/88 | 01/20/2015 | 01/20/2015 | Book |
